Most Beautiful Countries in the World - Statistics

General Stats
  • This quiz has been taken 181 times
  • The average score is 11 of 16
Answer Stats
Picture Hint Answer % Correct
North America Canada
100%
Europe Switzerland
89%
Oceania New Zealand
88%
South America Chile
86%
North America United States
83%
Oceania Australia
73%
Asia Japan
71%
Europe Greece
70%
South America Argentina
66%
Europe Ireland
64%
Europe Norway
61%
Africa South Africa
59%
North America Costa Rica
57%
Europe France
56%
Europe Italy
55%
Asia Vietnam
46%
No matching quizzes found
Score Distribution
Percent of People with Each Score
Percentile by Number Answered
Your Score History
You have not taken this quiz